What is Life: (Record no. 228942)

MARC details
000 -LEADER
fixed length control field 01360nam a22002417a 4500
005 - DATE AND TIME OF LATEST TRANSACTION
control field 20231010093132.0
008 - FIXED-LENGTH DATA ELEMENTS--GENERAL INFORMATION
fixed length control field 231009b ||||| |||| 00| 0 eng d
020 ## - INTERNATIONAL STANDARD BOOK NUMBER
International Standard Book Number 9781107683655
040 ## - CATALOGING SOURCE
Transcribing agency AL
041 ## - LANGUAGE CODE
Language code of text/sound track or separate title eng
082 ## - DEWEY DECIMAL CLASSIFICATION NUMBER
Edition number 23
Classification number 570.1
Item number SCHW
100 ## - MAIN ENTRY--PERSONAL NAME
Personal name Erwin Schrodinger
100 ## - MAIN ENTRY--PERSONAL NAME
9 (RLIN) 137007
245 ## - TITLE STATEMENT
Title What is Life:
Remainder of title The Physical Aspects of the Living Cell with mind and matter: Autobiographical Sketches
260 ## - PUBLICATION, DISTRIBUTION, ETC.
Place of publication, distribution, etc. New Delhi
Name of publisher, distributor, etc. Cambridge University Press
Date of publication, distribution, etc. 2022
300 ## - PHYSICAL DESCRIPTION
Extent viii,184p.
Other physical details PB
Dimensions 21x14cm.
365 ## - TRADE PRICE
Source of price type code Physics
Price type code 4920
Price amount 872.00
Currency code
Unit of pricing 1090.00
Price note 20%
Price effective from 27-09-2023
520 ## - SUMMARY, ETC.
Summary, etc. Nobel laureate Erwin Schrödinger's What is Life? is one of the great science classics of the twentieth century. It was written for the layman, but proved to be one of the spurs to the birth of molecular biology and the subsequent discovery of DNA. What is Life? appears here together with Mind and Matter, his essay investigating a relationship which has eluded and puzzled philosophers since the earliest times. Brought together with these two classics are Schrödinger's autobiographical sketches, which offer a fascinating account of his life as a background to his scientific writings.<br/>
650 ## - SUBJECT ADDED ENTRY--TOPICAL TERM
Topical term or geographic name entry element Hereditary Mechanism
9 (RLIN) 136960
650 ## - SUBJECT ADDED ENTRY--TOPICAL TERM
Topical term or geographic name entry element Mutations
9 (RLIN) 136961
650 ## - SUBJECT ADDED ENTRY--TOPICAL TERM
Topical term or geographic name entry element Entropy
9 (RLIN) 136962
700 ## - ADDED ENTRY--PERSONAL NAME
Personal name SCHRODINGER (Erwin)
9 (RLIN) 136963
942 ## - ADDED ENTRY ELEMENTS (KOHA)
Source of classification or shelving scheme Dewey Decimal Classification
Koha item type Book
Holdings
Withdrawn status Lost status Source of classification or shelving scheme Damaged status Not for loan Collection code Home library Current library Date acquired Source of acquisition Cost, normal purchase price Total Checkouts Full call number Barcode Date last seen Date last checked out Cost, replacement price Price effective from Koha item type
    Dewey Decimal Classification     Physics St Aloysius Library St Aloysius Library 10/09/2023 Biblios Book Point Surathkal Mangalore 575014 872.00 1 570.1 SCHW 076849 11/18/2023 11/04/2023 1090.00 10/09/2023 Book